Managing Natural Disasters and The Environment: (Record no. 328486)

000 -LEADER
fixed length control field nam a22 7a 4500
003 - CONTROL NUMBER IDENTIFIER
control field Nust
005 - DATE AND TIME OF LATEST TRANSACTION
control field 20170410103632.0
008 - FIXED-LENGTH DATA ELEMENTS--GENERAL INFORMATION
fixed length control field 170410b xxu||||| |||| 00| 0 eng d
040 ## - CATALOGING SOURCE
Transcribing agency 0
082 ## - DEWEY DECIMAL CLASSIFICATION NUMBER
Classification number 363.3 KRE
245 ## - TITLE STATEMENT
Title Managing Natural Disasters and The Environment:
Remainder of title Selected Materials from the colloquium on the environment and natural disaster management
Statement of responsibility, etc. Edited by Alcira Kreimer and Mohan Munasinghe
260 ## - PUBLICATION, DISTRIBUTION, ETC.
Place of publication, distribution, etc. Washington D.C
Name of publisher, distributor, etc. The World Bank
Date of publication, distribution, etc. 1991
300 ## - PHYSICAL DESCRIPTION
Extent 215p.
Other physical details P.B
500 ## - GENERAL NOTE
General note P.B
942 ## - ADDED ENTRY ELEMENTS (KOHA)
Source of classification or shelving scheme
Koha item type Book
Call number prefix 363.3 KRE
Holdings
Withdrawn status Lost status Source of classification or shelving scheme Damaged status Not for loan Collection code Permanent Location Current Location Shelving location Date acquired Total Checkouts Full call number Barcode Date last seen Price effective from Koha item type
            Institute of Environmental Science and Engineering (IESE) Institute of Environmental Science and Engineering (IESE) General Stacks 04/10/2017   363.3 KRE IESE-2487 04/10/2017 04/10/2017 Book
© 2023 Central Library, National University of Sciences and Technology. All Rights Reserved.